[Event "Ruhrgebiet Verbandsliga Gruppe 2 1718"]
[Site "Germany"]
[Date "2018.01.14"]
[Round "5.5"]
[White "Hoefker, Mathias"]
[Black "Loeffelbein, Klaus"]
[Result "1-0"]
[WhiteElo "2047"]
[BlackElo "1855"]
[PlyCount "93"]
[EventDate "2017.09.17"]
[EventType "team-tourn"]
[EventRounds "9"]
[EventCountry "GER"]
[SourceTitle "EXT 2022"]
[Source "ChessBase"]
[SourceDate "2021.10.06"]
[SourceVersion "1"]
[SourceVersionDate "2021.10.06"]
[SourceQuality "1"]
[WhiteTeam "Recklinghausen Sued"]
[BlackTeam "Gerthe Werne"]
[WhiteTeamCountry "GER"]
[BlackTeamCountry "GER"]

1. d4 Nf6 2. Nf3 e6 3. Bg5 h6 4. Bxf6 Qxf6 5. e4 b6 6. Bd3 Bb7 7. 0-0 d6 8. c4 Nd7 9. Nc3 a6 10. Re1 e5 11. Bc2 c6 12. d5 c5 13. Ba4 Qe7 14. g3 g6 15. Nh4 Bg7 16. Bc6 Rb8 17. Bxb7 Rxb7 18. Qa4 0-0 19. Qxa6 Rbb8 20. Qa4 Bf6 21. Nf3 h5 22. Qc2 h4 23. Qd2 Kg7 24. g4 Qd8 25. Kh1 Rh8 26. Nb5 Be7 27. Na7 Ra8 28. Nc6 Qe8 29. g5 Rh5 30. a4 Nf8 31. Rg1 Bd8 32. h3 Nh7 33. Kh2 Qd7 34. b3 f5 35. gxf6+ Nxf6 36. Ng5 Be7 37. Ne6+ Kh7 38. f3 Ne8 39. Rxg6 Kxg6 40. Rg1+ Kf7 41. Qg2 Bg5 42. Nxg5+ Kf6 43. Ne6 Qf7 44. Qg4 Qh7 45. Ng5 Qh6 46. Qe6+ Kg7 47. Nf7+ 1-0

[Event "Ruhrgebiet VL2 0304"]
[Site "Ruhrgebiet"]
[Date "2003.12.07"]
[Round "4.2"]
[White "Hassenrueck, Helmut"]
[Black "Hoefker, Mathias"]
[Result "0-1"]
[WhiteElo "2105"]
[BlackElo "2143"]
[PlyCount "74"]
[EventDate "2003.09.28"]
[EventType "team"]
[EventRounds "9"]
[EventCountry "GER"]
[SourceTitle "EXT 2007"]
[Source "ChessBase"]
[SourceDate "2006.11.23"]
[SourceVersion "1"]
[SourceVersionDate "2006.11.23"]
[SourceQuality "1"]
[WhiteTeam "Bottrop"]
[BlackTeam "Recklinghausen Sued"]
[WhiteTeamCountry "GER"]
[BlackTeamCountry "GER"]

1. d4 d5 2. Nf3 Nf6 3. c4 c6 4. e3 Bf5 5. Nc3 e6 6. Nh4 Bg4 7. Qb3 Qc8 8. h3 Bh5 9. g4 Bg6 10. Nxg6 hxg6 11. Bg2 Nbd7 12. Bd2 Nb6 13. cxd5 exd5 14. Rc1 Bd6 15. g5 Ne4 16. Bxe4 dxe4 17. Nxe4 Be7 18. Bb4 Rxh3 19. Rg1 Qf5 20. Nd6+ Bxd6 21. Bxd6 0-0-0 22. Be5 f6 23. gxf6 gxf6 24. Bg3 Rdh8 25. Qa3 Rxg3 26. fxg3 Rh2 27. Rf1 Qg4 28. Qd3 Qxg3+ 29. Kd1 Nd5 30. Re1 Qf3+ 31. Re2 Nf4 32. Rxc6+ bxc6 33. Qa6+ Kb8 34. exf4 Qf1+ 35. Kd2 Qxf4+ 36. Kd3 Qf1 37. Kd2 Qxe2+ 0-1

[Event "Ruhrgebiet Regionalliga 0001"]
[Site "Ruhrgebiet"]
[Date "2001.04.01"]
[Round "8"]
[White "Hoefker, Mathias"]
[Black "Neumann, Carsten"]
[Result "1-0"]
[WhiteElo "2066"]
[BlackElo "2158"]
[PlyCount "73"]
[EventDate "2000.09.17"]
[EventType "team-tourn"]
[EventRounds "11"]
[EventCountry "GER"]
[SourceTitle "EXT 2024"]
[Source "ChessBase"]
[SourceDate "2023.10.10"]
[SourceVersion "1"]
[SourceVersionDate "2023.10.10"]
[SourceQuality "1"]
[WhiteTeam "Recklinghausen Sued"]
[BlackTeam "Dortmund Hansa"]
[WhiteTeamCountry "GER"]
[BlackTeamCountry "GER"]

1. d4 Nf6 2. Nf3 d6 3. c4 g6 4. Nc3 Bg7 5. e4 c6 6. Be2 a6 7. 0-0 0-0 8. Qc2 b5 9. a3 Bg4 10. c5 d5 11. e5 Ne8 12. Be3 f6 13. exf6 exf6 14. h3 Bxf3 15. Bxf3 Nc7 16. Be2 Re8 17. Qd2 Ne6 18. f4 f5 19. Rad1 Ra7 20. g4 Rae7 21. Rf3 fxg4 22. hxg4 Rf7 23. f5 gxf5 24. gxf5 Ref8 25. Rdf1 Nc7 26. Bd3 Qh4 27. Ne2 Ne6 28. Kg2 Nxd4 29. Rh3 Nxf5 30. Bxf5 Qxh3+ 31. Kxh3 Rxf5 32. Rxf5 Rxf5 33. Ng3 Rf7 34. Bd4 Nd7 35. Bxg7 Rxg7 36. Nf5 Rg1 37. Kh2 1-0

[Event "Ruhrgebiet VL2 9900"]
[Site "Ruhrgebiet"]
[Date "2000.05.21"]
[Round "9"]
[White "Buchenthal, Dieter"]
[Black "Hoefker, Mathias"]
[Result "1-0"]
[WhiteElo "2256"]
[BlackElo "2255"]
[PlyCount "83"]
[EventDate "1999.09.19"]
[EventType "team-tourn"]
[EventRounds "9"]
[EventCountry "GER"]
[SourceTitle "EXT 2024"]
[Source "ChessBase"]
[SourceDate "2023.10.10"]
[SourceVersion "1"]
[SourceVersionDate "2023.10.10"]
[SourceQuality "1"]

1. Nf3 d5 2. g3 Nf6 3. b3 Bg4 4. Ne5 Nbd7 5. Nxg4 Nxg4 6. e4 Ngf6 7. exd5 Nxd5 8. Bg2 c6 9. 0-0 e6 10. c4 N5f6 11. d4 Be7 12. Nc3 0-0 13. d5 cxd5 14. cxd5 Qa5 15. dxe6 Qxc3 16. Bd2 Qd3 17. exd7 Rad8 18. Be3 Qb5 19. a4 Qb4 20. Bh3 b6 21. Rc1 Qe4 22. Rc7 Nd5 23. Rc4 Qe5 24. Bd4 Qg5 25. Bxg7 Ne3 26. fxe3 Qxg7 27. Rg4 Bg5 28. Qd5 h6 29. Rf5 Kh8 30. Kg2 f6 31. Rd4 Bxe3 32. Rd3 Bg5 33. Bg4 Rf7 34. Qc4 Re7 35. h4 Be3 36. Rf3 Bc5 37. b4 f5 38. Bxf5 Qb2+ 39. Kh3 Qxb4 40. Qc1 Kg7 41. Qa1+ Kg8 42. Rf4 1-0

[Event "Recklinghausen"]
[Site "Recklinghausen"]
[Date "1997.??.??"]
[Round "3"]
[White "Halasz, Tamas"]
[Black "Hoefker, Mathias"]
[Result "1/2-1/2"]
[WhiteElo "2385"]
[BlackElo "2270"]
[PlyCount "118"]
[EventDate "1997.07.??"]
[EventType "tourn"]
[EventRounds "9"]
[EventCountry "GER"]
[EventCategory "8"]
[SourceTitle "CBM 060 Extra"]
[Source "ChessBase"]
[SourceDate "1997.11.04"]
[SourceVersion "1"]
[SourceVersionDate "1997.11.04"]
[SourceQuality "1"]

1. d4 f5 2. g3 Nf6 3. Bg2 g6 4. c3 Bg7 5. Qb3 c6 6. Nh3 Qb6 7. Nd2 Na6 8. Nc4 Qxb3 9. axb3 Nc7 10. Nf4 0-0 11. 0-0 d6 12. Nd3 Bd7 13. f3 Nb5 14. Bd2 Be6 15. Na5 Rab8 16. e4 fxe4 17. fxe4 Nd7 18. Nf4 Bf7 19. Bh3 Be8 20. Ne6 Rxf1+ 21. Rxf1 Nf6 22. Nxg7 Kxg7 23. e5 Ne4 24. Be3 b6 25. Nc4 d5 26. Nd2 Nxd2 27. Bxd2 a5 28. Bg5 Rb7 29. Bc8 Ra7 30. h4 h6 31. Bf4 Bf7 32. e6 Be8 33. c4 Nd6 34. Bxd6 exd6 35. cxd5 cxd5 36. Bd7 Ra8 37. Rc1 Bxd7 38. Rc7 Kf6 39. exd7 Rd8 40. Rb7 Ke6 41. Rxb6 Rxd7 42. Rb5 Kf5 43. Rxd5+ Ke4 44. Rxa5 Kf3 45. h5 g5 46. Kh2 Kg4 47. Rd5 Rc7 48. Rxd6 Rc2+ 49. Kg1 Kxg3 50. Kf1 g4 51. Rxh6 Rf2+ 52. Ke1 Rf5 53. Ke2 Kh3 54. Rg6 Rxh5 55. Kf2 Rf5+ 56. Kg1 Rd5 57. Kf2 Rf5+ 58. Kg1 Rd5 59. Kf2 Rf5+ 1/2-1/2

[Event "Recklinghausen"]
[Site "Recklinghausen"]
[Date "1997.??.??"]
[Round "6"]
[White "Hoefker, Mathias"]
[Black "Bischoff, Klaus"]
[Result "0-1"]
[WhiteElo "2270"]
[BlackElo "2535"]
[PlyCount "84"]
[EventDate "1997.07.??"]
[EventType "tourn"]
[EventRounds "9"]
[EventCountry "GER"]
[EventCategory "8"]
[SourceTitle "CBM 060 Extra"]
[Source "ChessBase"]
[SourceDate "1997.11.04"]
[SourceVersion "1"]
[SourceVersionDate "1997.11.04"]
[SourceQuality "1"]

1. d4 Nf6 2. c4 e6 3. Nf3 b6 4. g3 Bb4+ 5. Bd2 Be7 6. Bg2 c6 7. 0-0 0-0 8. Qc2 d5 9. cxd5 cxd5 10. Nc3 Bb7 11. a3 Nc6 12. b4 a6 13. e3 Na7 14. Rfc1 Rc8 15. Be1 Nb5 16. Qb3 Nd6 17. Ne5 Nc4 18. Nd3 Rc7 19. Qd1 Qa8 20. Qe2 Rfc8 21. f3 Ne8 22. g4 Ned6 23. a4 Bg5 24. Nd1 Re8 25. Bg3 Qd8 26. f4 Be7 27. N1f2 Qd7 28. Ne5 Nxe5 29. fxe5 Rxc1+ 30. Rxc1 Nc4 31. Qe1 Bc6 32. Bf1 Bxa4 33. Bxc4 dxc4 34. Rxc4 Bb5 35. Rc2 Qd5 36. Qc3 Qf3 37. e4 Qxc3 38. Rxc3 Rd8 39. Bf4 Rxd4 40. Be3 Rc4 41. Rxc4 Bxc4 42. Bd2 Be2 0-1